Television Books: The Subtitles Quiz Stats

Quiz Updated Jul 8, 2015

Challenge
Share
Tweet
Embed
Score 0/15 Timer 04:00
7 Plays Today
% Correct
Mary and Lou and Rhoda and Ted
89.3%
Chicks Dig Time Lords
88.4%
Live from New York
87.6%
Drawn to Television
85.6%
Street Gang
85.5%
Seinfeld Trivia
79.7%
I Didn't Come Here to Make Friends
79.7%
Sitcom
78.9%
% Correct
The Stewart|Colbert Effect
76.4%
VJ
74.6%
If It Bleeds, It Leads
70.4%
Neptune Noir
67.3%
Worlds Without End
66.1%
Something Completely Different
65.2%
Three Blind Mice
57.6%

You're not logged in!

Compare scores with friends on all Sporcle quizzes.
Join for Free
OR
Log In

You Might Also Like...

Show Comments

Extras

Top Quizzes Today


Score Distribution

Your Account Isn't Verified!

In order to create a playlist on Sporcle, you need to verify the email address you used during registration. Go to your Sporcle Settings to finish the process.

Report this User

Report this user for behavior that violates our Community Guidelines.

Details: